Countries/States Smaller than Texas but Larger in Population - Statistics

General Stats
  • This quiz has been taken 15 times
  • The average score is 16 of 25
Answer Stats
Size (sq km) Pop (mil) Answer % Correct
643,801 69.1 France
100%
357,581 83.5 Germany
100%
302,068 59.3 Italy
100%
244,376 69.5 United Kingdom
100%
312,685 37.3 Poland
86%
505,370 49.6 Spain
86%
377,915 122.9 Japan
79%
300,000 114.1 Philippines
79%
100,432 51.1 South Korea
79%
513,120 68.2 Thailand
79%
148,460 169.8 Bangladesh
71%
331,340 102.3 Vietnam
71%
423,970 39.4 California (US)
64%
330,621 34.3 Malaysia
64%
438,317 46.1 Iraq
57%
580,367 53.3 Kenya
57%
241,550 45.9 Uganda
57%
238,537 33.7 Ghana
43%
446,550 36.8 Morocco
43%
676,578 51.4 Myanmar
43%
322,462 31.7 Ivory Coast
36%
652,864 43.8 Afghanistan
29%
587,741 31.7 Madagascar
29%
447,400 38.2 Uzbekistan
29%
455,503 32.7 Yemen
29%
No matching quizzes found
Score Distribution
Percent of People with Each Score
Percentile by Number Answered
Your Score History
You have not taken this quiz